00361nam a2200157Ia 4500008004100000020001800041245002800059245001900087260001500106260001600121260000900137300001400146300002500160300001000185500000800195170705s9999 xx 000 0 und d a9780545669146 2aA bad kitty Christmas / cby Nick Bruel. aNew York : bScholastic, c2011 aunpaged : bcolor illustration ; c28cm. a520